Word Ladder: Shrewish Musical Quiz Stats

 Plays Quiz Updated May 14, 2015

Challenge
Share
Tweet
Embed
Score 0/21 Timer 02:00
0 Plays Today
Clue 4-Letter Word % Correct
Romney who ranMITT
95%
Liver fluidBILE
93.2%
Christian who played 'Batman'BALE
92.6%
Title for a kingSIRE
90.8%
Result of a match meeting a logFIRE
90.2%
Prison cake filling?FILE
89.8%
A teensy pestMITE
89.4%
A trigonometric functionSINE
88.9%
Car from 'Knight Rider'KITT
88.8%
Pocket breadPITA
88.2%
Sympathetic sorrow for sufferingPITY
85.2%
Clue 4-Letter Word % Correct
Make a formal reference to in writingCITE
84.3%
Baby foxesKITS
84.1%
Urban conglomerationCITY
84%
A motion pictureCINE
81.9%
Lo-calLITE
80.9%
Heavy metal singer FordLITA
74.3%
Musical based on 'The Taming of the Shrew': [First Rung] Me [Last Rung]KISS
70.2%
Musical based on 'The Taming of the Shrew': [First Rung] Me [Last Rung]KATE
60.2%
Give a score to someoneRATE
57.9%
A deep heavy breathRALE
55.6%

Today's Daily Dose

Missing Word
No Snow!

Word Ladder
Wild Cats

On This Day
December 16th II

You're not logged in!

Compare scores with friends on all Sporcle quizzes.
OR
Log In

You Might Also Like...

Show Comments

Extras

Top Quizzes Today


Score Distribution

Your Account Isn't Verified!

In order to create a playlist on Sporcle, you need to verify the email address you used during registration. Go to your Sporcle Settings to finish the process.

Report this User

Report this user for behavior that violates our Community Guidelines.

Details: